| 000 | 01007nam0a22002771 4500 | ||
|---|---|---|---|
| 001 | v19\rc\1696723 | ||
| 005 | 20260407090155.0 | ||
| 035 | _a(NLR Aleph) 004799435 | ||
| 090 |
_a4813379 _c4813379 |
||
| 100 | _a20061002d1898 |||y0rusy50 ca | ||
| 101 | 0 | _arus | |
| 102 | _aRU | ||
| 105 | _ay b ||||| | ||
| 200 | 1 | _aКаталог Выставки Академии художеств 1898 г. | |
| 210 |
_aСанкт-Петербург _d[1898] |
||
| 215 |
_a34 с. _d23х8 |
||
| 532 | 1 | 1 | _aКаталог Выставки Академии художеств тысяча восемьсот девяносто восьмого г. |
| 710 | 0 | 2 |
_aИмператорская академия художеств _bВесенняя выставка _cПетербург _f1898 _9595249 _3RU\NLR\AUTH\8810047614 |
| 801 | 0 |
_aRU _bNLR _gpsbo |
|
| 801 | 0 |
_aRU _bRuMoRGB _2psbo |
|
| 801 | 1 |
_aRU _bProSoft-M _2rusmarc |
|
| 852 |
_aNLR _j37.63.1.163 |
||
| 899 | _aГПИБ | ||
| 942 | _cBOOK | ||
| 980 | _aNB | ||